Birds' nests in their beards /

Saved in:
Bibliographic Details
Main Author: Stevenson, William
Format: Book
Language:English
Published: London : Hutchinson, 1965.
Subjects:
LEADER 00957nam a2200253 i 4500
001 c000011087
003 CARM
005 00000000000000.0
008 730420s1965 enkab 00010 eng d
019 1 |a 2540021  |z 42774250  |5 LACONCORD2021 
035 |a (OCoLC)3284469  |5 LACONCORD2021 
043 |a a-io--- 
100 1 |a Stevenson, William. 
245 1 0 |a Birds' nests in their beards /  |c William Stevenson. 
260 |a London :  |b Hutchinson,  |c 1965. 
300 |a xvi, 280p. :  |b ill., maps (on lining papers). 
650 0 |a Ethnology  |z Indonesia. 
651 0 |a Indonesia  |x Description and travel. 
651 0 |a Indonesia  |x Politics and government  |y 1950-1966. 
651 0 |a Indonesia  |x Social conditions. 
852 8 |b CARM  |h A2:AG15A0  |i B01830  |p 0079197  |f BK 
082 0 4 |a 959.8  |2 19 
999 f f |i 5326ab23-89dc-5dc2-80b6-d811f513ca0c  |s 6faaa431-cc1e-5f45-bb90-9f011a99e285 
952 f f |p Can circulate  |a CAVAL  |b CAVAL  |c CAVAL  |d CARM 1 Store  |e B01830  |f A2:AG15A0  |h Other scheme  |i book  |m 0079197